000 00297nam a2200109Ia 4500
008 220204s9999 xx 000 0 und d
082 _a801.3
_bHOR
100 _aHornby, A S
245 0 _aTeaching of structural words and sentence patterns
260 _aLondon
_bOxford University
_c1966
942 _cBK
999 _c29538
_d29538